Movies Quiz

Random Movies or Letter Quiz

Oscar Nominated 'B' Films Quiz Stats

 Plays Quiz Updated Mar 21, 2018

Challenge
Share
Tweet
Score 0/20 Timer 06:00
3 Plays Today
% Correct
Beauty and the Beast
98%
Braveheart
96.5%
Black Swan
94%
Brokeback Mountain
91.9%
Birdman or (The Unexpected Virtue of Ignorance)
91.6%
Brave
86.9%
The Blind Side
84.5%
A Beautiful Mind
83.3%
Bonnie and Clyde
72.1%
Brother Bear
68.7%
% Correct
Butch Cassidy and the Sundance Kid
62.1%
The Big Short
48.1%
Boyhood
47%
Brooklyn
38.9%
Broadcast News
38.8%
Babel
38.1%
The Boxtrolls
36.8%
The Big Chill
34.8%
The Best Years of Our Lives
18.8%
The Broadway Melody
16.8%

You're not logged in!

Compare scores with friends on all Sporcle quizzes.
OR
Log In

You Might Also Like...

Show Comments

Extras

Top Quizzes Today


Score Distribution

Your Account Isn't Verified!

In order to create a playlist on Sporcle, you need to verify the email address you used during registration. Go to your Sporcle Settings to finish the process.

Report this User

Report this user for behavior that violates our Community Guidelines.

Details: